<?xml version="1.0" encoding="UTF-8"?>
<record
    xmlns:xsi="http://www.w3.org/2001/XMLSchema-instance"
    xsi:schemaLocation="http://www.loc.gov/MARC21/slim http://www.loc.gov/standards/marcxml/schema/MARC21slim.xsd"
    xmlns="http://www.loc.gov/MARC21/slim">

  <leader>02779cam a2200385 i 4500</leader>
  <controlfield tag="001">on1479668688</controlfield>
  <controlfield tag="003">OCoLC</controlfield>
  <controlfield tag="005">20251014174508.0</controlfield>
  <controlfield tag="008">250324s2025    nyu           000 0 eng d</controlfield>
  <datafield tag="020" ind1=" " ind2=" ">
    <subfield code="a">9780593474020</subfield>
    <subfield code="q">(pbk.)</subfield>
  </datafield>
  <datafield tag="035" ind1=" " ind2=" ">
    <subfield code="a">(OCoLC)1479668688</subfield>
  </datafield>
  <datafield tag="040" ind1=" " ind2=" ">
    <subfield code="a">YDX</subfield>
    <subfield code="b">eng</subfield>
    <subfield code="c">YDX</subfield>
    <subfield code="d">WRM</subfield>
    <subfield code="d">OCLCQ</subfield>
    <subfield code="d">OCLCO</subfield>
  </datafield>
  <datafield tag="041" ind1=" " ind2=" ">
    <subfield code="a">English</subfield>
  </datafield>
  <datafield tag="050" ind1="0" ind2="0">
    <subfield code="a">PS3616.E785</subfield>
    <subfield code="b">H69 2025</subfield>
  </datafield>
  <datafield tag="100" ind1=" " ind2=" ">
    <subfield code="a">Perrin, Kristen</subfield>
    <subfield code="e">author.</subfield>
    <subfield code="9">25812</subfield>
  </datafield>
  <datafield tag="245" ind1="1" ind2="0">
    <subfield code="a">How to solve your own murder </subfield>
    <subfield code="b">: a novel </subfield>
    <subfield code="c">/ Kristen Perrin.</subfield>
  </datafield>
  <datafield tag="264" ind1=" " ind2="1">
    <subfield code="a">[New York] :</subfield>
    <subfield code="b">Dutton,</subfield>
    <subfield code="c">[March 2025]</subfield>
  </datafield>
  <datafield tag="264" ind1=" " ind2="4">
    <subfield code="c">&#xA9;2024</subfield>
  </datafield>
  <datafield tag="300" ind1=" " ind2=" ">
    <subfield code="a">369 pages ;</subfield>
    <subfield code="c">24 cm.</subfield>
  </datafield>
  <datafield tag="490" ind1="1" ind2=" ">
    <subfield code="a">[Castle Knoll files] ;</subfield>
    <subfield code="v">[book 1]</subfield>
  </datafield>
  <datafield tag="520" ind1=" " ind2=" ">
    <subfield code="a">"A dual narrative, feel good mystery in which a woman, Frances, spends a lifetime trying to prevent her murder as predicted by a fortune teller at a country fair when she was just 17. When she is in fact murdered nearly 60 years later, her great niece Annie must solve the crime to avenge her great aunt's death, and in so doing uncovers the dark heart of the quaint English village of Castle Knoll, where she might just find herself in the path of the killer"--</subfield>
    <subfield code="c">Provided by publisher.</subfield>
  </datafield>
  <datafield tag="520" ind1=" " ind2=" ">
    <subfield code="a">Frances Adams always said she&#x2019;d be murdered. She was right.

In 1965, Frances Adams is at an English country fair where a fortune-teller makes a bone-chilling prediction: One day, Frances will be murdered. It is a prediction that sparks her life&#x2019;s work&#x2014;trying to solve a crime that hasn&#x2019;t happened yet.

Nearly sixty years later, Annie Adams is summoned to a meeting at the sprawling country estate of her wealthy and reclusive great-aunt Frances. But by the time Annie arrives in the quaint English village of Castle Knoll, Frances is found murdered, just like she always said she would be. Annie is determined to catch the killer, but thanks to Frances&#x2019;s lifelong habit of digging up secrets and lies, it seems every endearing and eccentric villager might just have a motive for her murder.

Can Annie safely unravel the dark mystery at the heart of Castle Knoll, or will dredging up the past throw her into the path of a killer? As Annie gets closer to the truth, and closer to danger, she starts to fear she might inherit her aunt&#x2019;s fate instead of her fortune.</subfield>
  </datafield>
  <datafield tag="586" ind1=" " ind2=" ">
    <subfield code="a">Alex Awards, 2025</subfield>
  </datafield>
  <datafield tag="650" ind1=" " ind2="0">
    <subfield code="a">Fortune-telling.</subfield>
    <subfield code="v">Fiction.</subfield>
  </datafield>
  <datafield tag="650" ind1=" " ind2="0">
    <subfield code="a">Murder</subfield>
    <subfield code="v">Fiction</subfield>
    <subfield code="9">25440</subfield>
  </datafield>
  <datafield tag="650" ind1=" " ind2="0">
    <subfield code="a">Murder</subfield>
    <subfield code="x">Investigation</subfield>
    <subfield code="v">Fiction</subfield>
    <subfield code="9">7769</subfield>
  </datafield>
  <datafield tag="650" ind1=" " ind2="0">
    <subfield code="a">Inheritance and succession</subfield>
    <subfield code="v">Fiction</subfield>
    <subfield code="9">24095</subfield>
  </datafield>
  <datafield tag="650" ind1=" " ind2="0">
    <subfield code="a">Fate and fatalism</subfield>
    <subfield code="v">Fiction.</subfield>
  </datafield>
  <datafield tag="650" ind1=" " ind2="0">
    <subfield code="a">Great-aunts</subfield>
    <subfield code="v">Fiction.</subfield>
  </datafield>
  <datafield tag="651" ind1=" " ind2="0">
    <subfield code="a">England</subfield>
    <subfield code="x">Fiction</subfield>
    <subfield code="v">Fiction.</subfield>
  </datafield>
  <datafield tag="655" ind1=" " ind2="0">
    <subfield code="a">Cozy mysteries</subfield>
    <subfield code="9">25814</subfield>
  </datafield>
  <datafield tag="655" ind1=" " ind2="0">
    <subfield code="a">Detective and mystery fiction</subfield>
    <subfield code="9">23664</subfield>
  </datafield>
  <datafield tag="800" ind1=" " ind2=" ">
    <subfield code="a">Perrin, Kristen,</subfield>
    <subfield code="t">Castle Knoll murder mystery ;</subfield>
    <subfield code="v">bk. 1.</subfield>
  </datafield>
  <datafield tag="942" ind1=" " ind2=" ">
    <subfield code="2">lcc</subfield>
  </datafield>
  <datafield tag="952" ind1=" " ind2=" ">
    <subfield code="0">0</subfield>
    <subfield code="1">0</subfield>
    <subfield code="2">lcc</subfield>
    <subfield code="4">0</subfield>
    <subfield code="7">0</subfield>
    <subfield code="a">TBS</subfield>
    <subfield code="b">TBS</subfield>
    <subfield code="d">2025-08-28</subfield>
    <subfield code="l">1</subfield>
    <subfield code="o">P-EN PER</subfield>
    <subfield code="p">B07674</subfield>
    <subfield code="r">2025-11-25</subfield>
    <subfield code="s">2025-11-13</subfield>
    <subfield code="t">1</subfield>
    <subfield code="w">2025-08-28</subfield>
    <subfield code="y">1</subfield>
  </datafield>
  <datafield tag="999" ind1=" " ind2=" ">
    <subfield code="c">4888</subfield>
    <subfield code="d">4888</subfield>
  </datafield>
</record>
